000 01075nam a2200277Ia 4500
003 OSt
005 20220923211544.0
006 a|||||r|||| 00| 0
007 ta
008 220922b |||||||| |||| 00| 0 hin d
020 _a9789383721382 (hbk)
_c1800
024 _a284,508
037 _b829, 03/03/2015, Anshika Book International
_cTextual
040 _aARTS
_cARTS
_bhin
041 _2hin
_ahin
082 _aR641x7,1, 152Q4
100 _aमिश्र, पार्थसारथि
_9156365
245 0 _aशास्त्रदीपिका
_b तर्कपाद
246 _aShāstradīpikā: tarkapāda
260 _aवाराणसी
_b चौखम्बा सुरभारती प्रकाशन
_c2014
300 _a731पृ.
_ccm.
650 _a हिन्दी साहित्य
_9156264
650 _aभारतीय दर्शन
942 _hR641x7,1, 152Q4
_cTEXL
_2CC
999 _c300734
_d300734